| 000 | 00831nam a22002297a 4500 | ||
|---|---|---|---|
| 005 | 20170124110041.0 | ||
| 010 | _aA-950224 | ||
| 020 |
_c00.00 _a8186706062 |
||
| 035 | _aA-950224 | ||
| 037 | _bCen Lib/Ret | ||
| 040 |
_aDPL _bEN |
||
| 082 |
_a821.08 _bVAR |
||
| 100 |
_aVarma, Mahadevi _923795 |
||
| 245 |
_aSketches from my past : _cby Mahadevi Varma; translation of Mahadevi Varma's ateet ke chalchitra by Neera Kuchreja Sohoni _bencounters with India's oppressed / |
||
| 260 |
_bKali for Women _c1994 _aNew Delhi |
||
| 270 |
_aB 1/8, Hauz Khas _bNew Delhi _e110016 |
||
| 300 |
_axxiii,142p. _c22cm(Hb) |
||
| 650 |
_aVarmā, Mahādevī, -- 1907-1987 -- Biography _923796 |
||
| 650 |
_aWomen -- India -- Social conditions _96885 |
||
| 700 |
_aSohoni, Neera Kuckreja _98954 |
||
| 942 |
_2ddc _cEN _h821.08 _mVAR |
||
| 999 |
_c128569 _d128569 |
||